00900nam a22002297a 450000500170000001000150001702000260003203500140005803700130007208200110008510000230009624500770011925000060019626000450020227000800024730000330032750000800036070000420044094200220048299900190050495201470052320240124143326.0 aENG-138991 a9789355322548c380.00 aEN-122523 bDBAD/PUB a50022 aPrakash, Om961253 aCTET/TET:cBy Om Prakash and Kanta Pradeep PanditbScience and Pedagogy/ a2 aTamil NadubMcGraw Hill Education c2022 aAnjana Complex No. 5/90 A, Butt Road, St. Thomas MountbTamil Nadue600016 avarious pagings :c24cm(pbk) aSubject- Wise Comprehensive Series Based on the Latest Examination Pattern  aPandit, Kanta Pradeep eAuthor961250 2ddccENh500mPRA c200358d200358 001040708NFICaZLSbZLSd2024-01-24eDBAD/PUBg380.00l2m1o500 PRApEN-122523r2024-05-10 00:00:00s2024-04-15t1v380.00w2024-01-24yEN